| 000 | 00470nam a2200181Ia 4500 | ||
|---|---|---|---|
| 008 | 131103s9999 xx 000 0 und d | ||
| 020 |
_a0 33390 395 5 _cRs.30.00 |
||
| 040 | _aLoreto College | ||
| 041 | _aEnglish | ||
| 082 |
_aF/TAG _bLCBED/12672 |
||
| 100 | _aTagore, Rabindranath | ||
| 245 | 4 |
_aThe Wreck _cRabindranath Tagore |
|
| 260 |
_aMadras _bMacmillan _c1990 |
||
| 300 |
_a414p _c 22cm |
||
| 650 | _aBengali fiction | ||
| 850 | _aLCBED/F/TAG | ||
| 942 | _cBK | ||
| 999 |
_c32940 _d83419 |
||